| 000 | 00874nac a22002171u 4500 | ||
|---|---|---|---|
| 010 | _a 98052530 | ||
| 020 | _a0631208283 (hbk : alk. paper) | ||
| 020 | _a0631208291 (pbk : alk. paper) | ||
| 082 | 0 | 0 |
_a330 _bB4557 |
| 090 |
_c2082 _d2082 |
||
| 100 | _aBerliner, Joseph S. | ||
| 245 | 1 | 4 |
_aThe economics of the good society : _bthe variety of economic arrangements / _cJoseph S. Berliner. |
| 260 |
_aMalden, MA : _bBlackwell Publishers,1999 _c1999. |
||
| 300 |
_aix, 448 p. ; _c24 cm. |
||
| 504 | _aIncludes bibliographical references (p. [433]-438) and index. | ||
| 650 | 0 |
_aComparative economics _xCase studies. |
|
| 650 | 0 |
_aIncome distribution _xCase studies. |
|
| 650 | 0 |
_aWelfare economics _xCase studies. |
|
| 942 |
_cBB _k330B4557 |
||
| 999 |
_c2082 _d2082 |
||